Knowledge management in knowledge service networks

Guardado en:
Detalles Bibliográficos
Autor principal: Lesáková, Dagmar, 1949-
Formato: Capítulo de libro
Lenguaje:inglés
Etiquetas: Agregar Etiqueta
Sin Etiquetas, Sea el primero en etiquetar este registro!

MARC

LEADER 00000nla a2200000 4500
001 0183274
005 20240502083430.8
041 0 |a eng 
044 |a HR 
245 1 0 |a Knowledge management in knowledge service networks  |c Dagmar Lesáková 
500 |a Abstrakt 
100 1 |a Lesáková, Dagmar, 1949-